| 000 | 00925nam a2200289Ia 4500 | ||
|---|---|---|---|
| 001 | Z_5714 | ||
| 003 | CHAP | ||
| 008 | 220113s2008 xx 000 0 und d | ||
| 010 | _a168818 | ||
| 040 | _cCHAP | ||
| 090 | _aTesis G 2103 | ||
| 100 |
_aGalindo Villalobos, Jesús Alejandro _944314 |
||
| 245 |
_aEvaluación de componentes morfológicos de avena, ballico anual y veza de invierno en monocultivo y asociación para invierno, en Tecamac, México / _cJesús Alejandro Galindo Villalobos |
||
| 260 |
_aChapingo, Méx. : _bEl autor, _c2008 |
||
| 300 | _a76 h. | ||
| 502 | _aTesis (Ing. Agr. Esp. en Zootecnia) -- UACH. Departamento de Zootecnia | ||
| 650 |
_aAvena como forraje _98556 |
||
| 650 |
_aCultivos asociados _930370 |
||
| 650 |
_aForrajes _xRendimiento _942593 |
||
| 650 |
_aVeza _9119028 |
||
| 901 | _aTESIS G 2103 | ||
| 902 | _aM | ||
| 910 | _a2008 | ||
| 942 | _c2 | ||
| 942 | _c2 | ||
| 999 |
_c168818 _d168818 |
||